[Event "FIDE Chesscom Grand Swiss 2019"]
[Site "Douglas-Isle of Man"]
[Date "2019.10.18"]
[Round "8.11"]
[White "Oparin, Grigoriy"]
[Black "Jobava, Baadur"]
[Result "1/2-1/2"]
[WhiteElo "2654"]
[BlackElo "2617"]
[Annotator "TA"]
[PlyCount "95"]
[EventDate "2019.10.10"]
[EventType "swiss"]
[EventCountry "GBR"]
[SourceTitle "playchess.com"]
[Source "ChessBase"]
[SourceQuality "1"]

{[%evp 9,95,17,33,37,37,41,39,41,48,41,82,62,58,54,87,64,112,113,194,190,197,194,183,185,182,178,175,181,197,139,156,100,98,104,107,91,168,162,137,116,141,134,115,111,182,217,170,160,164,86,86,66,82,75,135,135,135,135,129,125,125,128,127,127,175,137,180,0,0,0,0,0,0,0,0,0,0,0,0,0,0,0,0,0,0,0,0,0]} 1. Nf3 b6 2. e4 Bb7 3. Nc3 e6 4. d4 Bb4 5. Bd3 Ne7 6. O-O {B00: Queen's Fianchetto Defence, Nimzowitsch Defence} Bxc3 7. bxc3 d6 8. Re1 {White is slightly better.} Nd7 9. a4 {[%cal Ba2a4,Ba4a5,Ba5a6][%mdl 32]} h6 $146 ({Predecessor:} 9... a5 10. e5 Bxf3 11. Qxf3 dxe5 12. dxe5 Ng6 13. Ba3 {1-0 (29) Sergejev,R (2349)-Psakhis,L (2598) ICC INT 2001}) 10. e5 O-O 11. Ba3 $36 {[%mdl 2048] White is pushing.} d5 12. a5 Re8 13. Nh4 Nc6 (13... c5 $16 {was worth a try.}) 14. Qg4 $1 $18 Qg5 {[#]} 15. Qh3 $1 h5 16. a6 Bc8 17. Be2 Qh6 18. Bc1 Qh8 19. Bd3 ({White should play} 19. Bb5 $18 Ne7 20. Qe3) 19... Ne7 20. Re3 (20. c4 $142) 20... Nf8 $16 21. Rg3 c5 22. Bg5 Nf5 (22... c4 $16 {keeps fighting.}) 23. Nxf5 $18 exf5 24. Bxf5 cxd4 25. cxd4 Bxf5 26. Qxf5 Rac8 (26... Qh7 $16 {is a better defense.} 27. Qf3 Qxc2) 27. c3 Qh7 28. Qf3 Ne6 29. Bd2 ({And not} 29. Qxd5 h4 $11) (29. h3 $18) 29... Qc2 $16 30. Rd1 (30. Qd1 {feels hotter.} Qxd1+ 31. Rxd1 g6 32. f4 Ng7 33. Rf3) 30... g6 31. Qxh5 {Strongly threatening Qe2.} Rxc3 (31... b5 $142) 32. Rxc3 Qxc3 33. Qxg6+ $1 ({Don't take} 33. Bxc3 $6 gxh5 34. h3 Rc8 $14) 33... fxg6 34. Bxc3 {[%mdl 4096] Endgame KRB-KRN} Rc8 {[#]} 35. Bd2 $1 Rc4 36. Be3 b5 37. f4 b4 38. Rd3 $2 (38. Kf2 $18) 38... Nc7 $1 $11 {The position is equal.} 39. g4 Nxa6 40. f5 {And now e6 would win.} Nc7 $1 {Threatening ...a5.} 41. e6 {Bf4 is the strong threat.} a5 $1 {[%cal Ra5a4] next ...a4 is good for Black.} 42. Bf4 {aiming for Rh3.} a4 43. Rh3 {White threatens Be5 and mate.} Rc6 $1 44. Rh6 gxf5 45. gxf5 a3 46. Rg6+ Kh7 47. Rh6+ Kg8 48. Rg6+ {Accuracy: White = 76%, Black = 67%.} 1/2-1/2

[Event "FIDE Chesscom Grand Swiss 2019"]
[Site "Douglas-Isle of Man"]
[Date "2019.10.18"]
[Round "8.12"]
[White "Hovhannisyan, Robert"]
[Black "McShane, Luke J"]
[Result "1/2-1/2"]
[WhiteElo "2639"]
[BlackElo "2682"]
[Annotator "TA"]
[PlyCount "121"]
[EventDate "2019.10.10"]
[EventType "swiss"]
[EventCountry "GBR"]
[SourceTitle "playchess.com"]
[Source "ChessBase"]
[SourceQuality "1"]

{[%evp 23,121,10,7,11,6,6,6,12,7,7,20,10,8,7,12,9,15,13,18,3,22,0,25,22,19,13,14,0,0,0,0,0,0,0,0,0,0,0,16,16,15,15,19,7,29,29,33,8,8,8,8,8,8,8,8,8,27,27,27,19,19,19,27,27,27,27,27,0,27,27,58,58,58,27,27,27,27,27,27,0,27,0,27,27,27,27,27,27,27,27,27,27,27,4,27,27,27,0,0,0]} 1. e4 e5 2. Nf3 Nc6 3. Nc3 Nf6 4. d4 exd4 5. Nxd4 Bb4 6. Nxc6 bxc6 7. Bd3 d5 8. exd5 cxd5 9. O-O O-O 10. Bg5 c6 11. Qf3 Rb8 12. h3 Bd6 13. b3 {C47: Scotch Four Knights and Four Knights with 4 g3} Be5 14. Bf4 Bxc3 15. Bxb8 Bxa1 16. Rxa1 Bg4 $1 {[%cal Rg4f3]} 17. hxg4 Qxb8 18. Re1 h6 (18... Re8 19. Rxe8+ Qxe8 20. Qf4 h6 {½-½ (34) Radjabov,T (2759)-Karjakin,S (2748) Moscow 2019}) 19. g3 Qb4 20. Re2 $146 ({Predecessor:} 20. c3 Qc5 {½-½ (20) Lukas,N (1936)-Langer,R (2069) GER email 2014}) 20... a5 ({Avoid the trap} 20... Nxg4 $2 {[#]} 21. c3 $1 $18 {[%mdl 512]}) 21. Qf5 Qa3 22. f4 Qxa2 23. g5 hxg5 24. fxg5 Ne4 25. Bxe4 {[%csl Ge4][%cal Rf5h7] [#]} g6 26. Qf6 {Intending Rh2 and mate.} dxe4 $11 {[%mdl 4096] Endgame KQR-KQR} 27. Qc3 Qa3 28. Rh2 {[%csl Gc3][%cal Rh2h8]} f6 {Strongly threatening ...Qc1+.} 29. gxf6 {Threatens to win with f7+!} Qd6 30. Rf2 e3 31. Qxe3 Rxf6 32. Rd2 Qe6 33. Re2 (33. Rd8+ {is interesting.} Kg7 34. Qxe6 Rxe6 35. Kf2 Re5 36. Rd7+) 33... Qxe3+ (33... Qg4 {is more complex.} 34. Qe8+ Kg7 35. Qe7+ Rf7 36. Qe5+ Rf6) 34. Rxe3 {KR-KR} Kf7 35. Rc3 Ke7 36. Rc5 Kd6 37. Rxa5 Rf3 38. Rg5 Rc3 39. Rxg6+ Ke5 40. Kg2 Kf5 41. Rd6 {aiming for Rd2.} (41. Rh6 {keeps more tension.} Rxc2+ 42. Kh3 Rc1 43. g4+ Kg5 44. Rh5+) 41... Rxc2+ 42. Kh3 c5 43. Rb6 c4 44. Rb5+ Kf6 45. Rb6+ Kg7 46. b4 Rb2 47. Kg4 c3 48. Kg5 c2 49. Rb7+ Kg8 50. Kg6 {[%cal Rb7b8]} Kf8 51. Kf6 {[%cal Rb7b8]} Kg8 (51... Ke8 $5 52. Rc7 $8 Kd8 $11) 52. Kg6 {[%cal Rb7b8]} Kf8 53. Rc7 Rxb4 54. Rxc2 Rg4+ 55. Kf6 {[%cal Rc2c8]} Kg8 56. Rc3 Kh7 57. Kf5 Rg6 58. Re3 Kh6 59. g4 Rg5+ 60. Kf6 {White threatens Rh3+ and mate.} Rg6+ 61. Kf5 {Accuracy: White = 61%, Black = 72%.} 1/2-1/2

[Event "FIDE Chesscom Grand Swiss 2019"]
[Site "Douglas-Isle of Man"]
[Date "2019.10.18"]
[Round "8.12"]
[White "Gonzalez Vidal, Yuri"]
[Black "Sevian, Samuel"]
[Result "0-1"]
[WhiteElo "2552"]
[BlackElo "2654"]
[Annotator "TA"]
[PlyCount "36"]
[EventDate "2019.10.10"]
[EventType "swiss"]
[EventCountry "GBR"]
[SourceTitle "playchess.com"]
[Source "ChessBase"]
[SourceQuality "1"]

{[%evp 16,70,32,16,28,0,0,-8,-10,-10,-16,-12,-10,-58,-54,-106,-54,-66,-59,-47,-53,-61,-56,-55,-68,-123,-133,-133,-112,-121,-144,-129,-81,-77,-60,-55,-31,-20,-16,-49,-54,-68,-70,-103,-106,-225,-223,-229,-259,-263,-245,-833,-836,-816,-800,-2928,-1440]} 1. e4 e6 2. d4 d5 3. Nd2 Be7 4. Ngf3 Nf6 5. e5 Nfd7 6. Bd3 c5 7. c3 Nc6 8. O-O g5 9. dxc5 Ndxe5 {C06: French Tarrasch: 3...Nf6 4 e5 Nfd7 5 Bd3 main lines} 10. Bb5 {[#] Black must now prevent Nxe5.} (10. Bc2 Ng6 11. b4 O-O 12. Re1 f5 13. Nb3 g4 14. b5 gxf3 15. bxc6 bxc6 16. Qxf3 e5 17. Bh6 {1-0 (51) Mista,A (2595)-Bartel,M (2604) Warsaw 2018}) 10... Ng6 11. c4 O-O {The position is equal.} 12. cxd5 Qxd5 {With the idea ...g4.} 13. Nb3 g4 14. Nfd2 Nce5 15. Re1 $146 ({White should play} 15. Nb1 $15) ({Predecessor:} 15. Qe2 f5 16. Nc4 Nh4 17. Ne3 {½-½ (42) Smetankin,S (2385)-Williams,S (2421) Yerevan 1999}) 15... a6 ({Black should try} 15... Rd8 $17 16. Qc2 b6) 16. Bf1 a5 17. a4 Rd8 18. Qc2 b6 {Played: Ne5-d3} 0-1

[Event "FIDE Chesscom Grand Swiss 2019"]
[Site "Douglas-Isle of Man"]
[Date "2019.10.18"]
[Round "8.13"]
[White "Motylev, Alexander"]
[Black "Saduakassova, Dinara"]
[Result "1/2-1/2"]
[WhiteElo "2651"]
[BlackElo "2481"]
[Annotator "TA"]
[PlyCount "100"]
[EventDate "2019.10.10"]
[EventType "swiss"]
[EventCountry "GBR"]
[SourceTitle "playchess.com"]
[Source "ChessBase"]
[SourceQuality "1"]

{[%evp 9,100,10,26,0,0,0,0,0,9,2,16,15,11,8,12,16,14,17,4,11,44,32,31,13,46,-20,41,54,48,40,37,47,38,0,37,33,35,8,35,21,37,33,37,37,37,16,92,93,85,83,89,0,0,0,0,0,32,0,0,0,0,0,4,0,0,0,14,-20,-24,-43,-15,-147,-103,-104,-107,-107,-106,-104,-113,-139,-131,-139,-127,-144,-144,-143,-99,-113,-73,-78,-58,-58,-66]} 1. e4 e5 2. Nc3 Nc6 3. Bc4 Nf6 4. d3 h6 5. a3 Bc5 6. h3 {C28: Vienna Game: 2...Nf6 3 Bc4 Nc6} (6. Be3 Bxe3 7. fxe3 d6 8. Qf3 Be6 9. Nge2 Bxc4 10. dxc4 Qd7 11. Rf1 Ne7 12. O-O-O Qe6 13. b3 {1-0 (33) Fedorchuk,S (2637)-Heimann,A (2550) Germany 2016}) 6... a6 7. Nge2 d6 8. Ng3 {The position is equal.} Nd4 9. O-O Be6 (9... c6 {keeps more tension.} 10. Ba2 O-O 11. Be3 Re8 12. Nce2 d5) 10. Nd5 $146 ({Predecessor:} 10. Bxe6 fxe6 11. Nce2 Qd7 {1-0 (51) Grbesa,J-Zelenika,I Kastela 2005}) 10... Nxd5 11. exd5 Bd7 12. c3 Nf5 13. Nxf5 Bxf5 14. d4 Bb6 15. Re1 Qh4 16. Qf3 Bg6 17. Bf4 (17. Bb3 $14) 17... e4 (17... f6 $11) 18. Rxe4+ $14 Bxe4 19. Qxe4+ Qe7 20. Qf5 {[%mdl 1024] White has compensation.} g6 21. Qg4 (21. Qd3 {seems wilder.} Kf8 22. a4 a5 23. Bb5 Kg7 24. g3) 21... h5 22. Qg3 O-O-O 23. Bg5 f6 24. Bd2 Qe4 25. a4 {[%cal Ba3a4,Ba4a5][%mdl 32]} Qc2 26. Qd3 Qxd3 $1 27. Bxd3 f5 (27... Rhg8 $11 {remains equal.}) 28. a5 Ba7 29. b4 Kd7 30. b5 ({White should play} 30. h4 $16) 30... axb5 $11 31. Bxb5+ c6 $1 {[%cal Rc6b5]} 32. Bc4 c5 33. a6 Kc7 34. axb7 Kxb7 35. Bb5 {Threatens to win with Bc6+.} Bb6 36. Bc6+ Kc7 37. Re1 {Strongly threatening Re7+.} Rh7 38. Re6 cxd4 39. Rxg6 Ba5 40. Rg3 (40. Bg5 $11 {keeps the balance.}) 40... h4 41. Rd3 dxc3 42. Bxc3 Bxc3 43. Rxc3 $17 {[%mdl 4096] Endgame KRR-KRB} Kb6 44. Rf3 Rg8 45. Rxf5 Rhg7 46. Rf4 Rxg2+ 47. Kf1 Rg1+ 48. Ke2 Rh8 49. Bd7 Kc5 50. Be6 $1 Rb1 {Accuracy: White = 59%, Black = 51%.} 1/2-1/2

[Event "FIDE Chesscom Grand Swiss 2019"]
[Site "Douglas-Isle of Man"]
[Date "2019.10.18"]
[Round "8.13"]
[White "Adhiban, B.."]
[Black "Robson, Ray"]
[Result "1/2-1/2"]
[WhiteElo "2639"]
[BlackElo "2670"]
[Annotator "TA"]
[PlyCount "101"]
[EventDate "2019.10.10"]
[EventType "swiss"]
[EventCountry "GBR"]
[SourceTitle "playchess.com"]
[Source "ChessBase"]
[SourceQuality "1"]

{[%evp 13,101,12,32,18,25,22,31,23,20,13,3,16,12,5,14,10,16,14,18,16,16,24,33,43,34,27,47,19,42,0,0,0,0,0,14,0,31,39,35,26,46,0,8,-29,-23,-48,-52,-47,0,0,0,0,0,0,0,0,0,0,35,34,42,43,43,37,42,42,55,0,0,0,0,0,0,0,0,0,0,0,0,0,0,0,0,0,0,0,0,0,0,0]} 1. d4 d5 2. c4 c6 3. Nf3 Nf6 4. Nc3 e6 5. Bg5 h6 6. Bxf6 Qxf6 7. e3 g6 8. Ne5 {D43: Semi-Slav: 5 Bg5 h6} Bg7 9. f4 O-O (9... Nd7 10. h4 Qe7 11. Qc2 O-O 12. O-O-O Nxe5 13. fxe5 Bd7 14. g4 f6 15. Qxg6 fxe5 {½-½ (29) Mamedyarov,S (2764)-Giri,A (2779) Saint Louis 2019}) 10. h4 {White is slightly better.} c5 11. Qd2 $146 ({Predecessor:} 11. Qf3 Nc6 12. O-O-O Rd8 13. cxd5 exd5 14. g4 cxd4 15. exd4 Nxe5 16. dxe5 {1-0 (39) Zordick,M (1984)-Malek,M (2169) ICCF email 2016}) 11... Nc6 12. O-O-O Rd8 13. g4 cxd4 14. exd4 dxc4 15. Qe3 Qe7 16. Bxc4 Bd7 17. Kb1 Nxe5 18. fxe5 Bc6 {Hoping for ...Qb4.} 19. Rh2 Qb4 20. Bb3 Rd7 21. h5 {And now g5 would win.} g5 22. Bc2 Rad8 {[%cal Rd7d4]} 23. Rhd2 Qc4 24. Ka1 b5 25. Kb1 Kf8 26. Bb3 Qb4 27. Ne2 Qa5 28. Rc2 Qb6 29. Rdc1 Bb7 30. Rc5 a5 31. Bc2 b4 32. Be4 $36 {[%mdl 2048] White is pushing.} Ba6 {White should prevent ...Bxe2.} 33. Bd3 Bxd3+ 34. Qxd3 Qb7 $1 35. Rf1 Rd5 36. Qf3 Qa7 37. Rxd5 Rxd5 38. Rc1 Qd7 39. Rc4 Kg8 40. b3 (40. Qe4 $14) 40... Bf8 $11 {The position is equal.} 41. Qh1 Qa7 42. Qc1 Rd7 43. Rc8 {aiming for Qc5.} Rxd4 $1 44. Rc7 Qb6 45. Nxd4 Qxd4 {[%mdl 4160] [#] Endgame Double Attack. KQR-KQB} 46. Qf1 Qe4+ 47. Kc1 Qe3+ 48. Kc2 Qe4+ 49. Kc1 Qe3+ 50. Kb1 Qe4+ {[%mdl 64] [#] Double Attack} 51. Kc1 {Accuracy: White = 60%, Black = 82%.} 1/2-1/2

[Event "FIDE Chesscom Grand Swiss 2019"]
[Site "Douglas-Isle of Man"]
[Date "2019.10.18"]
[Round "8.14"]
[White "Tari, Aryan"]
[Black "Kryvoruchko, Yuriy"]
[Result "1/2-1/2"]
[WhiteElo "2630"]
[BlackElo "2669"]
[Annotator "TA"]
[PlyCount "81"]
[EventDate "2019.10.10"]
[EventType "swiss"]
[EventCountry "GBR"]
[SourceTitle "playchess.com"]
[Source "ChessBase"]
[SourceQuality "1"]

{[%evp 14,81,21,13,15,12,18,26,22,21,12,16,11,6,14,-5,-12,-10,24,24,21,21,21,21,19,18,25,20,105,13,20,15,34,0,16,0,0,0,6,3,0,3,0,5,10,2,27,20,24,13,13,14,94,34,31,42,29,3,39,8,6,0,14,0,0,0,8,0,0,0]} 1. e4 e5 2. Nf3 Nc6 3. Bc4 Nf6 4. d3 Bc5 5. c3 d6 6. O-O h6 7. Re1 O-O 8. h3 a5 {C54: Giuoco Piano: 4 c3 Nf6, main lines with 5 d4 and 5 d3} 9. Nbd2 Be6 10. Bb5 Nd7 $146 {White has an edge.} ({Predecessor:} 10... Qb8 11. Nf1 Qa7 12. d4 exd4 13. Bxc6 dxc3 14. Ba4 Bxf2+ 15. Kh2 Bxe1 16. Qxe1 {½-½ (60) Alekseenko,K (2671)-Ding,L (2811) Khanty-Mansiysk 2019}) 11. Nf1 f5 12. exf5 Bxf5 ({Don't go for} 12... Rxf5 $2 13. d4 $18) 13. Ng3 Bg6 14. Be3 (14. a3 {looks sharper.} Bb6 15. d4 Kh8 16. Be3 e4 17. Nd2) 14... Bxe3 15. Rxe3 Nf6 16. d4 e4 17. Nd2 {[%cal Rg3e4]} d5 18. f3 exf3 19. Nxf3 Qd6 20. Qe1 Ne4 {[#]} (20... Rae8 $11 {remains equal.} 21. Ne5 Bh7) 21. Nxe4 (21. Nh4 $1 $16) 21... Bxe4 $11 22. Nd2 Bf5 23. a4 Bd7 24. Qh4 Rae8 25. Rae1 Rxe3 26. Rxe3 Re8 27. Nf1 Rxe3 28. Nxe3 Be6 29. Bxc6 Qxc6 30. Qe7 Kh7 31. Kh2 Bd7 32. Qe5 Qxa4 (32... Qe6 $11) 33. Nxd5 ({White should try} 33. Nf5 $16 Bxf5 34. Qxf5+ Kh8 35. Qxd5) 33... Qb5 $14 34. Qe4+ Kh8 35. Ne7 Qg5 36. Ng6+ Kg8 {The position is equal.} 37. Ne5 Bc8 38. Ng6 {[#] aiming for Qe8+.} Kf7 39. Ne5+ Kg8 40. Ng6 {Threatens to win with Qe8+.} Kf7 41. Ne5+ {Accuracy: White = 48%, Black = 65%.} 1/2-1/2

[Event "FIDE Chesscom Grand Swiss 2019"]
[Site "Douglas-Isle of Man"]
[Date "2019.10.18"]
[Round "8.14"]
[White "Baron, Tal"]
[Black "Riazantsev, Alexander"]
[Result "1-0"]
[WhiteElo "2531"]
[BlackElo "2645"]
[Annotator "TA"]
[PlyCount "83"]
[EventDate "2019.10.10"]
[EventType "swiss"]
[EventCountry "GBR"]
[SourceTitle "playchess.com"]
[Source "ChessBase"]
[SourceQuality "1"]

{[%evp 14,83,34,31,28,7,20,11,20,26,20,17,26,0,0,0,0,-19,-21,0,-20,-43,-8,0,-13,-29,-29,-25,-14,-3,0,0,0,0,0,0,0,0,0,0,44,35,101,88,102,55,90,98,85,0,5,12,12,7,9,10,93,104,160,158,168,160,208,191,226,214,726,681,1831,1587,29989,29990]} 1. e4 c5 2. Nf3 Nc6 3. d4 cxd4 4. Nxd4 e5 5. Nb5 d6 6. N1c3 a6 7. Na3 Be6 8. Nc4 Rb8 {B32: Sicilian: Löwenthal and Kalashnikov Variations} (8... b5 9. Ne3 Nf6 10. g3 g6 11. Bg2 Bh6 12. O-O O-O 13. Bd2 Rc8 14. Ncd5 Bxd5 15. exd5 Ne7 16. a4 Qb6 17. axb5 axb5 {½-½ (57) Vocaturo,D (2607)-Radjabov,T (2741) Heraklio 2017}) 9. Bd3 g6 $146 ({Predecessor:} 9... Nf6 10. O-O Be7 11. Re1 O-O 12. Ne3 Qd7 13. Ncd5 Bd8 14. c3 Bxd5 15. exd5 Ne7 16. Qf3 {1-0 (44) Szelag,M (2483)-Kalinitschew,S (2469) Germany 2012}) 10. O-O Bg7 {The position is equal.} 11. Nd5 Bxd5 12. exd5 Nce7 13. Ne3 f5 14. c4 Nf6 15. f4 O-O 16. Kh1 Nd7 17. Rb1 Kh8 18. b3 Ng8 19. Bb2 Ngf6 20. fxe5 Nxe5 21. Nc2 Nfg4 22. Be2 $1 Qh4 {[%csl Gg4][%cal Rh4h2]} 23. Bxg4 $1 Nxg4 {[%csl Gg4][%cal Rh4h2]} 24. Bxg7+ Kxg7 {[%csl Gg4][%cal Rh4h2]} 25. Qd4+ Kg8 {[%csl Gg4][%cal Rh4h2]} 26. h3 {aiming for Kg1.} f4 27. Rbe1 Nh6 ({Black should try} 27... Ne5 $14) 28. Kg1 $1 $16 b5 29. cxb5 Rxb5 30. Qe4 Qf6 31. g4 (31. Nd4 $16 Rb4 32. Qe6+ Qxe6 33. Nxe6) 31... Qc3 32. Rf3 Qc5+ 33. Nd4 Rb4 34. Rd1 $36 {[%mdl 2048] Strongly threatening Kh1. White is pushing.} g5 (34... Nf7 $1 $11 35. Qxf4 (35. Rxf4 Ng5 $11) 35... Qxd5) 35. a3 Rb5 ({Better is} 35... Rbb8) 36. Re1 Nf7 {[#]} 37. b4 $1 {[%cal Rb4c5]} Qa7 38. Kf1 Ne5 {[#]} 39. Rc3 $1 {And now Ne6 would win.} f3 $2 (39... Qf7 40. Ne6 (40. Nxb5 axb5 41. Rec1 Nc4 $16) 40... Rb7) 40. Ne6 $18 Rb7 41. Nxf8 Kxf8 42. Qf5+ {[%mdl 64] Double Attack. Accuracy: White = 64%, Black = 45%.} 1-0

[Event "FIDE Chesscom Grand Swiss 2019"]
[Site "Douglas-Isle of Man"]
[Date "2019.10.18"]
[Round "8.15"]
[White "Svidler, Peter"]
[Black "Jumabayev, Rinat"]
[Result "1-0"]
[WhiteElo "2729"]
[BlackElo "2630"]
[Annotator "TA"]
[PlyCount "69"]
[EventDate "2019.10.10"]
[EventType "swiss"]
[EventCountry "GBR"]
[SourceTitle "playchess.com"]
[Source "ChessBase"]
[SourceQuality "1"]

{[%evp 16,69,16,0,0,0,0,0,5,0,33,20,31,16,20,35,29,20,53,49,60,48,52,26,41,0,-15,-18,163,155,146,135,154,157,189,194,673,593,675,701,693,675,603,607,588,598,2685,2002,2502,2456,29989,29990,29990,29991,29994,725]} 1. e4 e6 2. d4 d5 3. Nc3 Nf6 4. e5 Nfd7 5. f4 c5 6. Nf3 Nc6 7. Be3 a6 8. Qd2 b5 {[%cal Bb7b5,Bb5b4][%mdl 32]} 9. Bd3 b4 {C11: French: Classical System: 4 e5 and 4 Bg5 dxe4} 10. Na4 {[%cal Rd4c5]} c4 11. Be2 c3 {The position is equal.} 12. Qc1 ({Reject} 12. bxc3 Qa5 $17) 12... cxb2 $146 ({Predecessor:} 12... Qa5 13. b3 Be7 14. O-O O-O 15. Bd3 f5 16. exf6 Nxf6 17. Ne5 {1-0 (46) Miladinovic,I (2535)-Simic,D (2306) Montenegro 2017}) 13. Qxb2 Qa5 14. Qb3 Qc7 15. c3 Na5 16. Qc2 Rb8 17. O-O Be7 18. Rab1 O-O 19. Bd3 g6 20. g4 (20. Rfc1 $14) 20... Nb6 $1 $11 21. f5 Nac4 $2 (21... exf5 $1 $11 22. gxf5 Nxa4 23. Qxa4 b3 24. axb3 Qxc3) 22. cxb4 $18 {Threatens to win with Nxb6.} exf5 23. gxf5 Nxa4 {[#]} 24. Bh6 $1 $36 {[%mdl 2048] White is in control.} Qc6 25. e6 Bb7 $2 ({Avoid the trap} 25... fxe6 $2 26. fxg6 hxg6 27. Bxf8 $18) (25... Bxe6 26. fxe6 Nab6 27. Bxf8 Rxf8 28. exf7+ Rxf7) 26. Qg2 Kh8 27. Ng5 Qb6 28. Nxf7+ Rxf7 29. exf7 {[%cal Rf5g6]} Qxd4+ 30. Rf2 Qxd3 31. Re1 {[#] Qg5! would kill now.} Ne5 32. fxg6 Qxg6 33. Rxe5 {White mates.} Qxh6 34. Rxe7 Bc6 35. Qg3 {Played: Re7-e6} 1-0

[Event "FIDE Chesscom Grand Swiss 2019"]
[Site "Douglas-Isle of Man"]
[Date "2019.10.18"]
[Round "8.15"]
[White "Chigaev, Maksim"]
[Black "Lu, Shanglei"]
[Result "1/2-1/2"]
[WhiteElo "2644"]
[BlackElo "2602"]
[Annotator "TA"]
[PlyCount "84"]
[EventDate "2019.10.10"]
[EventType "swiss"]
[EventCountry "GBR"]
[SourceTitle "playchess.com"]
[Source "ChessBase"]
[SourceQuality "1"]

{[%evp 14,84,10,17,16,14,18,22,17,23,43,21,7,0,0,0,28,24,22,20,29,25,33,33,85,83,87,84,86,74,77,65,75,74,176,203,193,120,158,0,187,193,204,216,305,317,315,213,192,139,142,102,140,72,68,58,77,7,12,9,8,0,0,0,6,0,0,0,8,0,0,0,0]} 1. c4 e6 2. g3 Nf6 3. Bg2 d5 4. Nf3 d4 5. O-O c5 6. e3 Nc6 7. exd4 cxd4 8. d3 Bd6 {A13: English Opening: 1...e6} 9. Bg5 (9. Na3 O-O 10. Nc2 e5 11. b4 a6 12. c5 Bc7 13. a4 e4 14. dxe4 d3 15. Nce1 Nxb4 16. Ba3 {½-½ (35) Anton Guijarro,D (2678)-Wang,H (2725) Changsha 2019}) 9... h6 10. Bxf6 $1 Qxf6 11. Nbd2 Qe7 12. a3 a5 $1 13. Ne4 $146 ({Predecessor:} 13. Rc1 O-O 14. Ne4 Bc7 15. c5 f5 {1-0 (63) Tapodi,N (2043)-Leszko,B (2135) Balatonlelle 2019}) 13... Bc7 14. Rc1 f5 15. Ned2 O-O 16. c5 Rd8 17. Re1 Kh7 18. Nc4 Rd5 (18... a4 $14) 19. Nfd2 $16 Rxc5 20. Nb3 Rb5 21. a4 $36 {[%mdl 2048] Black is under strong pressure.} Rb4 22. Bxc6 $1 bxc6 23. Nxd4 Qf6 (23... Ra6 $16 {was necessary.}) 24. Nxc6 $18 Rb7 25. Qf3 (25. d4 $18) 25... Rb3 $16 26. Qd1 Rb7 27. d4 Ra6 28. Qf3 Bd7 (28... Qf8 $142 29. b3 Bb6 30. Nxb6 Rbxb6) 29. N6e5 $18 Bc8 30. Na3 {Strongly threatening Nb5.} Rab6 31. Nb5 ({White should try} 31. Qc3 $18 {Black must now prevent Nb5.} Rb3 32. Qc5) 31... Bxe5 $16 32. dxe5 Qf8 33. Nd6 (33. b3 $142) 33... Rb8 34. Qc3 {[%cal Rd6c8]} Bb7 $1 {[#]} 35. Qxa5 (35. Nc4 $1 $16 {[%cal Rc4b6]} Rb4 36. Nxa5) 35... Rxb2 $11 {The position is equal.} 36. Nxb7 R8xb7 37. Qc5 Qa8 38. a5 R7b5 39. Qe7 {[#] aiming for Rc7.} Qf3 $1 {[%cal Rf3f2]} 40. Rf1 Rxe5 41. Rc7 {[%csl Gc7][%cal Re7g7]} Qg4 42. Qf6 Rbe2 $1 {Accuracy: White = 60%, Black = 55%.} 1/2-1/2

[Event "FIDE Chesscom Grand Swiss 2019"]
[Site "Douglas-Isle of Man"]
[Date "2019.10.18"]
[Round "8.16"]
[White "Lenderman, Aleksandr"]
[Black "Artemiev, Vladislav"]
[Result "1/2-1/2"]
[WhiteElo "2648"]
[BlackElo "2746"]
[Annotator "TA"]
[PlyCount "68"]
[EventDate "2019.10.10"]
[EventType "swiss"]
[EventCountry "GBR"]
[SourceTitle "playchess.com"]
[Source "ChessBase"]
[SourceQuality "1"]

{[%evp 16,68,33,19,27,12,16,20,14,0,0,0,0,0,0,0,0,0,0,0,0,0,10,9,13,3,18,10,11,10,19,13,16,0,13,8,10,0,0,0,0,0,0,0,0,0,0,0,0,0,0,0,0,0,0]} 1. d4 Nf6 2. c4 g6 3. Nc3 d5 4. cxd5 Nxd5 5. e4 Nxc3 6. bxc3 Bg7 7. Be3 c5 8. Nf3 O-O 9. Qd2 Nd7 {D85: Exchange Grünfeld: Unusual White 7th moves and lines with 7 Nf3} 10. Bd3 Qa5 {The position is equal.} 11. Rc1 e5 12. dxe5 Nxe5 13. Nxe5 Bxe5 14. Bc4 Be6 15. Bxe6 fxe6 16. O-O Rad8 17. Qe2 Qc7 18. g3 {[#]} Qc6 $146 ({Predecessor:} 18... c4) 19. Qc4 b6 20. Rfd1 Rd7 21. Rxd7 Qxd7 22. a4 Rf7 23. Kg2 h5 24. Rc2 Qc6 25. Rd2 Rd7 26. Rxd7 Qxd7 27. f4 Bf6 28. Kf2 Kf7 29. Ke2 Qc6 30. Kd3 Qd7+ 31. Kc2 Qc6 32. Kb3 Qd7 33. Kc2 Qc6 34. Kb3 Qd7 {Accuracy: White = 73%, Black = 74%.} 1/2-1/2